Catálogo
 En Linea

La Conspiración / (Registro nro. 42866)

Detalles MARC
000 -CABECERA
campo de control de longitud fija 00623nam a2200181 a 4500
001 - NÚMERO DE CONTROL
campo de control 000043377
005 - FECHA Y HORA DE LA ÚLTIMA TRANSACCIÓN
campo de control 20201002040847.0
008 - DATOS DE LONGITUD FIJA--INFORMACIÓN GENERAL
campo de control de longitud fija 140312s2004 sp 000 0 spa d
020 ## - NÚMERO INTERNACIONAL ESTÁNDAR DEL LIBRO
Número Internacional Estándar del Libro 8440660871
040 ## - FUENTE DE LA CATALOGACIÓN
Centro catalogador/agencia de origen DO-SdBNP
Lengua de catalogación spa
Centro/agencia transcriptor BNPHU
100 1# - ENTRADA PRINCIPAL--NOMBRE DE PERSONA
Nombre de persona Cotarelo, Ramón
Fechas asociadas al nombre 1943-
9 (RLIN) 71037
245 13 - MENCIÓN DE TÍTULO
Título La Conspiración /
Mención de responsabilidad, etc. Ramón Cotarelo.
246 14 - FORMA VARIANTE DE TÍTULO
Título propio/Titulo breve La Conspiración :
Resto del título el golpe de estado difuso
260 ## - PUBLICACIÓN, DISTRIBUCIÓN, ETC.
Lugar de publicación, distribución, etc. Madrid :
Nombre del editor, distribuidor, etc. Ediciones B.,
Fecha de publicación, distribución, etc. [202?].
300 ## - DESCRIPCIÓN FÍSICA
Extensión 252 p. ;
Dimensiones 23 cm.
500 ## - NOTA GENERAL
Nota general Incluye datos biográficas del autor en la solapa de la cubierta
504 ## - NOTA DE BIBLIOGRAFÍA, ETC.
Nota de bibliografía, etc. Referencias bibliográficas y notas al pie de las páginas
Existencias
Estado de retiro Estado de pérdida Restricciones de uso No para préstamo Código de colección Localización permanente Ubicación/localización actual Ubicación en estantería Fecha de adquisición Número de inventario Total de préstamos Signatura topográfica completa Código de barras Fecha visto por última vez Precio válido a partir de Tipo de ítem Koha
      Excluido de préstamo Monografías: Libros y Folletos General General En catalogación 12.03.2014 LF1   43377-10 25.06.2020 25.06.2020 No se presta

Con tecnología Koha